| 000 | 00688nam a2200205 i 4500 | ||
|---|---|---|---|
| 001 | 188518 | ||
| 003 | ES-MaACL | ||
| 005 | 20250910213032.0 | ||
| 008 | 181213s1966 sp |||| | spa d | ||
| 100 | 1 |
_aBozal, Valeriano, _d1940-2023 _9242225 |
|
| 245 | 1 | 3 |
_aEl realismo plástico en España : De 1900 a 1936 / _cValeriano Bozal Fernández. |
| 260 |
_aMadrid : _bPenínsula, _c1966. |
||
| 300 |
_a210 p., 14 lám. ; _c18 cm. |
||
| 490 | 1 |
_aColección Ibérica ; _v16 |
|
| 650 | 0 | 4 |
_aArte español- _yS.XX. _910202 |
| 650 | 0 | 0 |
_aRealismo (Arte) _916688 |
| 830 | 0 |
_aColección ibérica (Península) _v16 _9179423 |
|
| 852 |
_aES-MaACL _jP-137-bis-13 |
||
| 999 |
_c188518 _d188518 |
||